¿Qué es eso de filosofía? /

Furkejuvvon:
Bibliográfalaš dieđut
Váldodahkki: Heidegger, Martin (autor)
Eará dahkkit: Carpio, Adolfo P. (traducción y notas) (traducción y notas)
Materiálatiipa: Girji
Giella:espánnjágiella
Almmustuhtton: Buenos Aires, Argentina : Sur, 1960, c1960
Fáddágilkorat: Lasit fáddágilkoriid
Eai fáddágilkorat, Lasit vuosttaš fáddágilkora!

MARC

LEADER 00000nam^a2200000^a^4500
001 000614687
005 20250521000000.0
009 20260310133646.355
037 |a Acervo Xavier Clavigero 
041 |a ESP 
091 |a FDU. 01522 
100 |a Heidegger, Martin  |e (autor) 
240 1 1 |a [¿Qué es eso de filosofía?] 
245 1 0 |a ¿Qué es eso de filosofía? / 
264 4 |a Buenos Aires, Argentina :  |b Sur,  |c 1960, c1960 
300 |a 75 p. 
336 |a texto  |b txt  |2 rdacontenido 
337 |a sin mediación  |b n  |2 rdamedio 
338 |a volumen  |b nc  |2 rdasoporte 
649 |a XX 
700 |a Carpio, Adolfo P.  |e (traducción y notas) 
910 |a Fondo Víctor Raúl Durana Valerio S.J. 
920 |a Impresos - Libros 
930 |a Fondos Especiales 
905 |a 116 
901 |a 614687-10  |b IT2  |c ESP  |i D3884  |u 20250521 
902 |a https://opac.biblio.iteso.mx/vufind/Record/000614687